|
|
|
|
| LEADER |
00000naa a2200000 i 4500 |
| 001 |
publ88 |
| 005 |
20150313144736.0 |
| 008 |
150313s2002 hu o 000 zxx d |
| 020 |
|
|
|a 963394466X
|
| 040 |
|
|
|a BGE Publikációtár Repozitórium
|b hun
|
| 100 |
1 |
|
|a Gubán Miklós
|
| 245 |
1 |
0 |
|a Késleltetett összeszerelő üzemek logisztika orientált telepítésének módszere bővített költségfüggvény figyelembevételével
|c Gubán Miklós
|h [elektronikus dokumentum]
|
| 260 |
|
|
|a Budapesti Gazdasági Főiskola
|b Budapest
|c 2002
|
| 300 |
|
|
|a 236-241
|
| 490 |
0 |
|
|a Tudományos évkönyv
|
| 490 |
0 |
|
|a Tudományos évkönyv 2001
|
| 650 |
|
4 |
|a matematika- és számítástudományok
|
| 700 |
1 |
|
|a Cselényi József
|e aut
|
| 856 |
4 |
0 |
|u https://publikaciotar.uni-bge.hu/id/eprint/88/1/tek_2001_27.pdf
|z Dokumentum-elérés
|